Central Library OPAC University of Rajshahi

মহাভারতম : (Record no. 38585)

MARC details
000 -LEADER
fixed length control field 01050nam a22002417a 4500
001 - CONTROL NUMBER
control field 38585
003 - CONTROL NUMBER IDENTIFIER
rucl marc code BD-RjUL
005 - DATE AND TIME OF LATEST TRANSACTION
control field 20211209052826.0
008 - FIXED-LENGTH DATA ELEMENTS--GENERAL INFORMATION
fixed length control field 160117s1827 ii ||||| |||| 00| 0 ben d
035 ## - SYSTEM CONTROL NUMBER
System control number (BD-RjUL)38693
040 ## - CATALOGING SOURCE
Original cataloging agency BD-RjUL
Language of cataloging ben
Transcribing agency BD-RjUL
041 ## - LANGUAGE CODE
Language code of text/sound track or separate title ben
082 ## - DEWEY DECIMAL CLASSIFICATION NUMBER
Classification number 294.5923
Author mark and year MAH 1827
245 ## - TITLE STATEMENT
Title মহাভারতম :
Remainder of title খিল হরিবংশ পর্ব্বণ /
Statement of responsibility, etc. পঞ্চানন তর্করত্ন ভট্টাচার্য সম্পাদিত
260 ## - PUBLICATION, DISTRIBUTION, ETC. (IMPRINT)
Place of publication, distribution, etc. কলিকাতা :
Date of publication, distribution, etc. ১৮২৭
300 ## - PHYSICAL DESCRIPTION
Pagination ৫৯৪ পৃ. ;
Size ২৩ সেমি.
500 ## - GENERAL NOTE
General note "বাংলা লিপিতে সংস্কৃত ভাষায় লিখিত"
504 ## - BIBLIOGRAPHY, ETC. NOTE
Bibliography, etc "পুঠিয়া রাজবাড়ী থেকে সংগৃহীত"
650 ## - SUBJECT ADDED ENTRY--TOPICAL TERM
Topical term or geographic name as entry element মহাভারত
9 (RLIN) 119067
Topical term or geographic name as entry element Mahabharata
9 (RLIN) 119068
700 ## - ADDED ENTRY--PERSONAL NAME
Personal name ভট্টাচার্য, পঞ্চানন তর্করত্ন, সম্পা.
942 ## - ADDED ENTRY ELEMENTS (KOHA)
Source of classification or shelving scheme Dewey Decimal Classification
Koha item type Rare Books
Holdings
Lost status Source of classification or shelving scheme Damaged status Not for loan Collection code Permanent Location Current Location Shelving location Date acquired Source of acquisition Total Checkouts Full call number Date last seen Copy number Koha item type
  Dewey Decimal Classification   Not For Loan Non-fiction Central Library, University of Rajshahi Central Library, University of Rajshahi Rare Book Section 16/09/1981 Calcutta, India International   BRA 294.5923 MAH 1827 17/01/2016 C-1 Rare Books